00511 2200157 4500245007000000020002200070250001000092100002800102005001900130260002600149041001400175084001100189500010500200490003900305336000900344 aPUSTAKA PENGETAHUAN AL-QURAN VOL.4cMUHAMMAD AS-SYYID YUSUFhText a978-979-16368-0-3 aCet.1 aMUHAMMAD AS-SYYID YUSUF a20240826115104 aJakartabDAR AS-SALAM aIndonesia a297.04 aDaftar isi : akhlak dan ekonomi, kondisi ekonomi masyarakat muslim, islam dan pengentasan kemiskinan aPUSTAKA PENGETAHUAN AL-QURAN VOL.4 atext